[Event "GER-ch Net blitz qual3"]
[Site "Playchess.com INT"]
[Date "2020.03.21"]
[Round "9"]
[White "Fenski, Matthias"]
[Black "Hannewald, Anton"]
[Result "0-1"]
[WhiteElo "1692"]
[BlackElo "1934"]
[PlyCount "52"]
[EventDate "2020.03.21"]
[EventType "swiss (blitz)"]
[EventRounds "9"]
[EventCountry "GER"]
[SourceTitle "CBM 195 Extra"]
[Source "ChessBase"]
[SourceDate "2020.05.31"]
[SourceVersion "1"]
[SourceVersionDate "2020.05.31"]
[SourceQuality "1"]

1. c4 Nf6 2. g3 d5 3. cxd5 Qxd5 4. Nf3 e5 5. Nc3 Qa5 6. Bg2 Be7 7. 0-0 c6 8. d3 0-0 9. a3 Bg4 10. b4 Bxb4 11. axb4 Qxa1 12. Qb3 Bxf3 13. Bxf3 Qa6 14. Bg5 Nbd7 15. b5 cxb5 16. Nxb5 Rac8 17. Rb1 Nc5 18. Qb4 Nfd7 19. Be7 Rfe8 20. Nd6 b6 21. Nxc8 Qxc8 22. Bxc5 Qxc5 23. Qa4 Qc7 24. Bc6 Rd8 25. Rc1 Nc5 26. Qb5 a6 0-1

[Event "GER-ch Net blitz qual3"]
[Site "Playchess.com INT"]
[Date "2020.03.21"]
[Round "4"]
[White "Filipiak, Thomas"]
[Black "Hannewald, Anton"]
[Result "0-1"]
[WhiteElo "2032"]
[BlackElo "1934"]
[PlyCount "74"]
[EventDate "2020.03.21"]
[EventType "swiss (blitz)"]
[EventRounds "9"]
[EventCountry "GER"]
[SourceTitle "CBM 195 Extra"]
[Source "ChessBase"]
[SourceDate "2020.05.31"]
[SourceVersion "1"]
[SourceVersionDate "2020.05.31"]
[SourceQuality "1"]

1. d4 Nf6 2. Nc3 g6 3. e4 d6 4. f4 Bg7 5. Nf3 Bg4 6. h3 Bxf3 7. Qxf3 c6 8. e5 dxe5 9. dxe5 Nd5 10. Bd2 0-0 11. Bc4 e6 12. h4 Qb6 13. 0-0-0 Nd7 14. h5 Rfc8 15. hxg6 hxg6 16. Ne4 Nc5 17. Nd6 Rd8 18. Bxd5 Rxd6 19. Bc4 Rad8 20. Be3 Rxd1+ 21. Rxd1 Rxd1+ 22. Kxd1 Qd8+ 23. Kc1 Nd7 24. g4 Qh4 25. Bf2 Qh2 26. Bd3 Nb6 27. f5 gxf5 28. gxf5 Qxe5 29. fxe6 Qxb2+ 30. Kd1 fxe6 31. Qg4 Qa1+ 32. Ke2 Qe5+ 33. Kd1 Nd5 34. Qg6 Nf4 35. Qe8+ Bf8 36. Bg3 Qh5+ 37. Kd2 Qxe8 0-1

[Event "GER-ch Net blitz qual3"]
[Site "Playchess.com INT"]
[Date "2020.03.21"]
[Round "7"]
[White "Hagenbeck Huebert, Ben"]
[Black "Hannewald, Anton"]
[Result "1/2-1/2"]
[WhiteElo "1749"]
[BlackElo "1934"]
[PlyCount "89"]
[EventDate "2020.03.21"]
[EventType "swiss (blitz)"]
[EventRounds "9"]
[EventCountry "GER"]
[SourceTitle "CBM 195 Extra"]
[Source "ChessBase"]
[SourceDate "2020.05.31"]
[SourceVersion "1"]
[SourceVersionDate "2020.05.31"]
[SourceQuality "1"]

1. e4 c5 2. Nc3 d6 3. f4 g6 4. Nf3 Bg7 5. Bb5+ Bd7 6. Bxd7+ Qxd7 7. d3 Nc6 8. 0-0 e6 9. Qe1 Nge7 10. Bd2 Nd4 11. Nxd4 Bxd4+ 12. Kh1 Nc6 13. Rb1 0-0-0 14. Ne2 Bg7 15. c3 f5 16. exf5 gxf5 17. Be3 Bf6 18. d4 b6 19. Qd2 Rhg8 20. d5 exd5 21. Qxd5 Kc7 22. b4 Ne7 23. Qd3 Qc6 24. Rg1 c4 25. Qd2 Rg6 26. Nd4 Bxd4 27. Bxd4 Nd5 28. Ra1 Re8 29. a4 Re4 30. b5 Qb7 31. Raf1 Rg4 32. Qa2 Nxf4 33. Qxc4+ Kb8 34. Qb4 Qd5 35. Qb2 Ne2 36. a5 Nxg1 37. Rxg1 Qe6 38. axb6 Re2 39. bxa7+ Ka8 40. Qc1 Qe4 41. Qf1 Rf4 42. Qd1 Rg4 43. Qf1 Rf4 44. Qd1 Rg4 45. Qf1 1/2-1/2

[Event "GER-ch Net blitz qual3"]
[Site "Playchess.com INT"]
[Date "2020.03.21"]
[Round "8"]
[White "Hannewald, Anton"]
[Black "Costa, Leonardo"]
[Result "0-1"]
[WhiteElo "1934"]
[BlackElo "2091"]
[PlyCount "65"]
[EventDate "2020.03.21"]
[EventType "swiss (blitz)"]
[EventRounds "9"]
[EventCountry "GER"]
[SourceTitle "CBM 195 Extra"]
[Source "ChessBase"]
[SourceDate "2020.05.31"]
[SourceVersion "1"]
[SourceVersionDate "2020.05.31"]
[SourceQuality "1"]

1. e4 e5 2. Nf3 Nc6 3. Bb5 a6 4. Ba4 Nf6 5. 0-0 b5 6. Bb3 Bc5 7. c3 d6 8. d4 Bb6 9. Bg5 h6 10. Bxf6 Qxf6 11. d5 Ne7 12. a4 Rb8 13. axb5 axb5 14. Qe2 Bd7 15. Nbd2 0-0 16. Rfe1 Ng6 17. g3 h5 18. h4 Ne7 19. Ng5 Qg6 20. Bd1 Bg4 21. Qd3 Bd7 22. Rf1 f6 23. Ngf3 Qxg3+ 24. Kh1 Bxf2 25. Qe2 Bb6 26. Qg2 Qxg2+ 27. Kxg2 Ng6 28. b4 Nf4+ 29. Kg3 Kf7 30. Nh2 Ke7 31. Rxf4 exf4+ 32. Kxf4 g6 33. Bf3 0-1

[Event "GER-ch Net blitz qual1"]
[Site "Playchess.com INT"]
[Date "2020.03.07"]
[Round "9"]
[White "Kopylov, Michael"]
[Black "Hannewald, Anton"]
[Result "1/2-1/2"]
[WhiteElo "2407"]
[BlackElo "1934"]
[PlyCount "152"]
[EventDate "2020.03.07"]
[EventType "swiss (blitz)"]
[EventRounds "9"]
[EventCountry "GER"]
[SourceTitle "CBM 195 Extra"]
[Source "ChessBase"]
[SourceDate "2020.05.31"]
[SourceVersion "1"]
[SourceVersionDate "2020.05.31"]
[SourceQuality "1"]

1. d4 Nf6 2. c4 g6 3. g3 Bg7 4. Bg2 c6 5. Nf3 d5 6. cxd5 cxd5 7. Ne5 0-0 8. 0-0 Ng4 9. Nxg4 Bxg4 10. Nc3 Be6 11. Bf4 Nc6 12. e3 f6 13. g4 Qd7 14. h3 Rad8 15. Rc1 Bf7 16. Bg3 e5 17. Na4 b6 18. Nc3 exd4 19. exd4 f5 20. Nb5 fxg4 21. hxg4 a6 22. Nd6 Nxd4 23. Re1 Be6 24. Qd3 Bxg4 25. Bxd5+ Kh8 26. Re4 Nf3+ 27. Kh1 Bh5 28. Kg2 Ng5 29. Rh4 Bf3+ 30. Bxf3 Nxf3 31. Re4 Ng5 32. Rh4 Rf6 33. Qd5 Ne6 34. Rch1 h5 35. Qe4 Ng5 36. Qd5 Qe6 37. Qxe6 Rxe6 38. Rd1 Bxb2 39. Rc4 Be5 40. Bxe5+ Rxe5 41. Rc7 Kg8 42. Rb7 Ne4 43. Nxe4 Rxd1 44. Nf6+ Kf8 45. Nd7+ Rxd7 46. Rxd7 Re6 47. Ra7 b5 48. Kg3 Ke8 49. Kf4 Kd8 50. Kg5 Kc8 51. f4 Kb8 52. Rg7 b4 53. Rxg6 Rxg6+ 54. Kxg6 h4 55. f5 h3 56. f6 h2 57. f7 h1Q 58. f8Q+ Ka7 59. Qxb4 Qb7 60. Qxb7+ Kxb7 61. Kf5 Kb6 62. Ke4 Kb5 63. Kd3 Kb4 64. Kc2 Ka3 65. Kb1 a5 66. Ka1 Kb4 67. Kb1 Kc3 68. Ka1 Kc2 69. a4 Kb3 70. Kb1 Kxa4 71. Ka2 Kb4 72. Ka1 a4 73. Kb1 a3 74. Ka1 Kb3 75. Kb1 a2+ 76. Ka1 Ka3 1/2-1/2

[Event "SJNR-ch U16"]
[Site "Kranenburg"]
[Date "2005.01.04"]
[Round "4"]
[White "Schimanski, Kevin"]
[Black "Hannewald, Anton"]
[Result "0-1"]
[WhiteElo "1016"]
[BlackElo "1386"]
[PlyCount "40"]
[EventDate "2005.01.02"]
[EventType "swiss"]
[EventRounds "7"]
[EventCountry "GER"]
[SourceTitle "EXT 2007"]
[Source "ChessBase"]
[SourceDate "2006.11.23"]
[SourceVersion "1"]
[SourceVersionDate "2006.11.23"]
[SourceQuality "1"]

1. e4 c5 2. Nf3 d6 3. Bb5+ Bd7 4. Bxd7+ Nxd7 5. d3 e6 6. Nc3 Be7 7. Bg5 Bxg5 8. Nxg5 Qxg5 9. 0-0 Ngf6 10. Nb5 0-0 11. Nxd6 Rab8 12. Re1 b5 13. e5 Nxe5 14. Ne4 Nxe4 15. Rxe4 Nc6 16. h4 Qe7 17. Qf3 Nd4 18. Qg3 f5 19. Re5 Rf6 20. Rxc5 Ne2+ 0-1

[Event "SJNR-ch U16"]
[Site "Kranenburg"]
[Date "2005.01.02"]
[Round "1"]
[White "Volkov, Mykyta"]
[Black "Hannewald, Anton"]
[Result "1-0"]
[WhiteElo "1872"]
[BlackElo "1386"]
[PlyCount "43"]
[EventDate "2005.01.02"]
[EventType "swiss"]
[EventRounds "7"]
[EventCountry "GER"]
[SourceTitle "EXT 2007"]
[Source "ChessBase"]
[SourceDate "2006.11.23"]
[SourceVersion "1"]
[SourceVersionDate "2006.11.23"]
[SourceQuality "1"]

1. d4 Nf6 2. c4 g6 3. Nc3 Bg7 4. e4 d6 5. Nf3 0-0 6. Be2 Nbd7 7. Bg5 Qe8 8. 0-0 c5 9. d5 Nb6 10. a4 Bg4 11. Nd2 Bxe2 12. Qxe2 e6 13. f4 Nbd7 14. Rae1 exd5 15. cxd5 h6 16. Bh4 a6 17. Nc4 Qb8 18. e5 dxe5 19. fxe5 Ne8 20. Be7 Nc7 21. Bxf8 Nxf8 22. Qf3 1-0